| 000 | 00514nam a22001817a 4500 | ||
|---|---|---|---|
| 003 | BD-ChCU | ||
| 005 | 20251123101021.0 | ||
| 008 | 251123b bg ||||| |||| 00| 0 ben d | ||
| 020 | _a9789846032222 | ||
| 040 | _cBD-ChCU | ||
| 082 | _a347.052 T249 | ||
| 100 |
_aRahman, Maizanur _eEditor _916588 |
||
| 245 |
_aTeaching and Learning of advocay skills / _cedited by Mizanur Rahman |
||
| 260 |
_aDhaka : _bPalal Prokashani, _cc2011 |
||
| 300 | _a279p. | ||
| 650 | 0 |
_aAdvocacy Skills _916589 |
|
| 942 |
_2ddc _cBK _n0 |
||
| 999 |
_c109670 _d109670 |
||